000
00316nam a22001457a 4500
003
SGT
082
_a
362
_b
A01S
100
_a
SAHAY, BALDEV
245
_a
ANAND KI KHOJ
250
_a
1ST
260
_a
NEW DELHI
_b
VIJAY KUMAR GOVIND RAM
_c
2001
300
_a
199
650
_a
MASS COMMUNICATION
942
_2
ddc
_c
BK
_0
5
999
_c
13006
_d
13006